| 000 | 00610nam a2200181 i 4500 | ||
|---|---|---|---|
| 001 | 20395 | ||
| 003 | ES-MaACL | ||
| 005 | 20230906152308.0 | ||
| 007 | t| | ||
| 008 | 021112s1946 sp f |||| |cspa d | ||
| 080 | _a75.035(460):929 | ||
| 100 | 1 |
_aAguilera, Emiliano M. _918758 |
|
| 245 | 1 | 0 |
_aPintores españoles del siglo XVIII _b: ensayo biográfico y crítico / _cEmiliano M. Aguilera. |
| 260 |
_aBarcelona : _bIberia : _bJoaquín Gil, _c[1946] ( _fTall. Gráfs. Agustín Núñez) |
||
| 300 |
_a28 p., 68 lám. ; _c28 cm. |
||
| 650 | 4 |
_aPintura española- _yS.XVIII. _9159436 |
|
| 852 |
_aES-MaACL _j1869-F-6 |
||
| 999 |
_c20395 _d20395 |
||